| Поле | Название | Значение |
| |
Тип записи |
a |
| |
Библиографический уровень |
m |
| 001 |
Контрольный номер |
cc71a93b98d8414c88714091ececd2e5 |
| 005 |
Дата корректировки |
20140618153148.6 |
| 010 |
Индекс ISBN |
__ |
| a |
ISBN |
5-279-02331-0 |
| 200 |
Заглавие и сведения об ответственности |
1_ |
| a |
Заглавие |
Альбом форм первичных документов и регистров бухгалтерского учета в бюджетных учреждениях |
| e |
Сведения, относящиеся к заглавию |
Справ.изд. |
| 210 |
Выходные данные |
1_ |
| a |
Место издания |
М. |
| c |
Издательство |
Финансы и статистика |
| d |
Дата издания |
2000 |
| 215 |
Физическое описание |
__ |
| a |
Объем |
159 с. |
| 610 |
Ключевые слова |
0_ |
| a |
Ключевые слова |
бухгалтерский учет |
| 610 |
Ключевые слова |
0_ |
| a |
Ключевые слова |
первичные документы |
| 610 |
Ключевые слова |
0_ |
| a |
Ключевые слова |
основные средства (фонды) |
| 610 |
Ключевые слова |
0_ |
| a |
Ключевые слова |
материальные запасы |
| 610 |
Ключевые слова |
0_ |
| a |
Ключевые слова |
расчеты |
| 610 |
Ключевые слова |
0_ |
| a |
Ключевые слова |
расходы |
| 610 |
Ключевые слова |
0_ |
| a |
Ключевые слова |
бухгалтерские формы |
| 610 |
Ключевые слова |
0_ |
| a |
Ключевые слова |
мемориальные ордера |
| 686 |
Индексы других классификаций |
__ |
| a |
Классификационный индекс |
65.052 |
| 2 |
Код системы |
rubbk |
| 686 |
Индексы других классификаций |
__ |
| a |
Классификационный индекс |
65.052.9(2)247 |
| 2 |
Код системы |
rubbk |
| 801 |
Источник записи |
_0 |
| a |
Страна |
RU |
| b |
Организация |
РУК |
| c |
Дата составления |
20030401 |
| g |
Правила каталогизации |
PSBO |
| 801 |
Источник записи |
_1 |
| a |
Страна |
RU |
| b |
Организация |
РУК |
| c |
Дата составления |
20030401 |
| g |
Правила каталогизации |
PSBO |
| 852 |
Данные о местонахождении |
__ |
| i |
Авторский знак |
А56 |
| j |
Шифр хранения |
ББК 65.052 |
| 901 |
Тип документа |
__ |
| t |
Тип документа |
m |
| 938 |
Служебная информация |
__ |
| a |
Название организации |
Головной вуз |
| b |
Имя БД |
BOOK |
| c |
Название АИБС |
АИБС ИРБИС |